000 00294nam a22001337a 4500
008 171020b xxu||||| |||| 00| 0 eng d
020 _a1567931308
041 _aeng
080 _a38
100 _a54
101 _aMEN
245 _aECONOMICS FOR HEALTH MANGERS
_cLEE.R.H
942 _2udc
_cBK
999 _c35066
_d35066